ბათუმის შოთა რუსთაველის სახელმწიფო უნივერსიტეტის ბიბლიოთეკა

ქართული სამონადირო ეპოსი = Грузинский охотничий эпос : (ბიბ.ჩანაწერი № 55841)

000 -ლიდერი
ფიქსირებული სიგრძის საკონტროლო ველი 01783nam a2200289Ia 4500
001 - საკონტროლო ნომერი
საკონტროლო ველი 22938
003 - საკონტროლო ნომრის იდენტიფიკატორი
საკონტროლო ველი GE_BSU
005 - ბოლო ოპერაციის თარიღი და დრო
საკონტროლო ველი 20230602165551.0
008 - ფიქსირებული სიგრძის მონაცემთა ელემენტები - ზოგადი ინფორმაცია
ფიქსირებული სიგრძის საკონტროლო ველი 181216s||||||||xx |||||||||||||| ||und||
040 ## - კატალოგიზაციის წყარო
Transcribing agency GE_BSU
041 ## - ენის კოდი
Language code of text/sound track or separate title geo
080 ## - უნივერსალური ათობითი კლასიფიკაციის ინდექსი
Universal Decimal Classification number 821.353.1.09-1:398.2(479.22) ვ-56
100 ## - მთავარი ჩანაწერი - პიროვნების სახელი
Personal name ვირსალაძე, ელენე
9 (RLIN) 18445
245 ## - ცნობა სათაურის შესახებ
Title ქართული სამონადირო ეპოსი = Грузинский охотничий эпос :
Remainder of title (დაღუპული მონადირის ციკლი) /
Statement of responsibility, etc ელენე ვირსალაძე ; რედ. ქსენია სიხარულიძე ; მხატვ. გ. ნადირაძე.
264 ## - წარმოების, გამოცემის, დისტრიბუციის და სხვა ცნობები
გამოცემის, წარმოების, დისტრიბუციის... ადგილი თბილისი :
გამოცემის, წარმოების, დისტრიბუციის... სახელწოდება მეცნიერება,
გამოცემის, წარმოების, დისტრიბუციის... თარიღი 1964.
300 ## - ფიზიკური აღწერა
Extent 224 გვ. ;
Dimensions 26 სმ.
653 ## - INDEX TERM--UNCONTROLLED
Uncontrolled term ქართული სამონადირო ეპოსი
653 ## - INDEX TERM--UNCONTROLLED
Uncontrolled term (დაღუპული მონადირის ციკლი)
653 ## - INDEX TERM--UNCONTROLLED
Uncontrolled term Грузинский охотничий эпос
653 ## - INDEX TERM--UNCONTROLLED
Uncontrolled term ქართული სამონადირო ეპოსი
653 ## - INDEX TERM--UNCONTROLLED
Uncontrolled term ქართული ფოლკლორის ისტორია და კრიტიკა
700 ## - ADDED ENTRY--PERSONAL NAME
Personal name სიხარულიძე, ქსენია
Relator term რედაქტორი
9 (RLIN) 18446
700 ## - ADDED ENTRY--PERSONAL NAME
Personal name ნადირაძე, გ.
Relator term მხატვარი
9 (RLIN) 18447
710 ## - ADDED ENTRY--CORPORATE NAME
Corporate name or jurisdiction name as entry element საქართველოს სსრ მეცნიერებათა აკადემია
Subordinate unit შ. რუსთაველის სახელობის ქართული ლიტერატურის ინსტიტუტი
9 (RLIN) 18448
942 ## - ADDED ENTRY ELEMENTS (KOHA)
Koha item type წიგნი
Source of classification or shelving scheme
ეგზემპლარები
ჩამოწერის სტატუსი დაკარგული ეგზემპლარის სტატუსი კლასიფიკაციის წყარო ან თაროზე გაწყობის სქემა დაზიანების სტატუსი არ გაიცემა მუდმივი მდებარეობა (დაცვის ადგილი) ამჟამინდელი ადგილსამყოფელი თაროზე განთავსების ადგილი შეძენის თარიღი ღირებულება, შესყიდვის ნორმალური ფასი სრული შენახვის შიფრი შტრიხკოდი ბოლო ოპერაციის თარიღი ეგზემპლარის მიმდევრობითი ნომერი (კეტერი?) ფასის ძალაში შესვლის თარიღი ეგზემპლარის სახეობა საჯარო შენიშვნა
          ბათუმის შოთა რუსთაველის სახელმწიფო უნივერსიტეტის მთავარი ბიბლიოთეკა ბათუმის შოთა რუსთაველის სახელმწიფო უნივერსიტეტის მთავარი ბიბლიოთეკა წიგნსაცავი 2018-12-17 2.58 821.353.1.09-1:398.2(479.22) ვ-56 58360 2018-12-17 58360 2018-12-17 წიგნი 2.58 ₾.